000 00467nam a22001697a 4500
005 20180221115034.0
008 160518b xxu||||| |||| 00| 0 eng d
020 _a978-81-315-1119-0
041 _aeng
082 _b2806
_a174.4
100 _aFerrell, O.C. Fraedrich, John. and Ferrell, Linda.
_94150
245 _aBusiness Ethics A Case Perspective
260 _aNew Delhi
_bCenage Learning (I) Pvt Ltd.
300 _a350
650 _aManagement
_9241
942 _cBK
999 _c994
_d994